| 000 | 00951cab a2200313 4500 | ||
|---|---|---|---|
| 001 | ABS53237 | ||
| 008 | 090401t1995 xxu||||| |||| 00| 0 eng d | ||
| 035 | _a(Sirsi) u2839 | ||
| 041 | _aeng | ||
| 100 | _aSharpe, G.R. | ||
| 245 | _aHistoric glass: looking through the past | ||
| 260 | _c1995 | ||
| 350 | _a0 | ||
| 490 |
_aBuilding Engineer _v70(6) July 1995, 14-16(3) |
||
| 520 | _aLooks at the composition of glass and the development of manufacture. Identifies problems encountered in preserving old glass and techniques used. | ||
| 650 | _aCLEANING | ||
| 650 | _aFERRAMENTA | ||
| 650 | _aGLASS MAKING | ||
| 650 | _aHISTORIC BUILDINGS | ||
| 650 | _aHISTORY | ||
| 650 | _aLEADED LIGHTS | ||
| 650 | _aBUILT ENVIRONMENT-BUILDING MAINTENANCE AND REFURBISHMENT | ||
| 650 | _aPOLISHED PLATE | ||
| 650 | _aWINDOWS | ||
| 690 | _aBUILT ENVIRONMENT-BUILDING MATERIALS | ||
| 690 | _aCONSERVATION | ||
| 942 | _n0 | ||
| 948 | _c04/03/1997 | ||
| 999 |
_c1708 _d1708 |
||